00853cam a22002651 4500001001300000003000400013005001700017008004100034010001700075035001900092040003400111042001200145043001200157050002200169100002700191245012300218250001200341260003700353300002500390500002600415650004900441650005700490710002300547999001700570sa 65007225 DLC20260227112148.0830502s1965 ii 000 0 eng  asa 65007225  a(OCoLC)9467951 aDLCcViU-LdViU-LdOCoLCdDLC apremarc aa-ii---00aKNS451b.B56 19651 aBindra, Narotam Singh.14aThe interpretation of statutes and General clauses acts (central and states) with words and phrases,cby N. S. Bindra. a4th ed. aAllahabad,bLaw Book Co.,c1965. acxi, 1175 p.c25 cm. aIncludes legislation. 0aLawzIndiaxInterpretation and construction. 0aLawzIndiaxStatesxInterpretation and construction.12aIndia.tLaws, etc. c65129d65129